000
00166nam a2200073Ia 4500
008
170617s9999 xx 000 0 und d
100
_a
Lewis & Daee
245
0
_a
Practical Haematology
260
_b
TMH
999
_c
14932
_d
14932